[Event "BCF-chT 2223 (4NCL)"]
[Site "England"]
[Date "2023.02.12"]
[Round "6.4"]
[White "Redmond, John P"]
[Black "Adair, James R"]
[Result "0-1"]
[WhiteElo "2201"]
[BlackElo "2449"]
[PlyCount "61"]
[EventDate "2022.10.22"]
[EventType "team-swiss"]
[EventRounds "11"]
[EventCountry "ENG"]
[SourceTitle "CBM 213 Extra"]
[Source "ChessBase"]
[SourceDate "2023.05.31"]
[SourceVersion "1"]
[SourceVersionDate "2023.05.31"]
[SourceQuality "1"]
[WhiteTeam "West is Best"]
[BlackTeam "Chessable White Rose"]
[WhiteTeamCountry "ENG"]
[BlackTeamCountry "ENG"]

1. b3 d5 2. Bb2 Bf5 3. d3 e6 4. Nd2 Nf6 5. g3 Be7 6. Bg2 h6 7. e4 Bh7 8. Nh3 a5 9. a3 c6 10. 0-0 Na6 11. Qe2 0-0 12. Kh1 a4 13. b4 b5 14. c4 c5 15. cxd5 exd5 16. e5 Ne8 17. bxc5 Nxc5 18. Nf4 Nc7 19. Rac1 Rb8 20. Bh3 N7e6 21. Nxe6 fxe6 22. Rxc5 Bxc5 23. Bxe6+ Kh8 24. f4 b4 25. axb4 Bxb4 26. Nf3 Qa5 27. Nd4 Bc3 28. Bxc3 Qxc3 29. Qe3 Qxd3 30. Qxd3 Bxd3 31. Nc6 0-1

[Event "BCF-chT 2223 (4NCL)"]
[Site "England"]
[Date "2023.02.11"]
[Round "5.3"]
[White "Moreby, James"]
[Black "Redmond, John P"]
[Result "1-0"]
[WhiteElo "2346"]
[BlackElo "2201"]
[PlyCount "77"]
[EventDate "2022.10.22"]
[EventType "team-swiss"]
[EventRounds "11"]
[EventCountry "ENG"]
[SourceTitle "CBM 213 Extra"]
[Source "ChessBase"]
[SourceDate "2023.05.31"]
[SourceVersion "1"]
[SourceVersionDate "2023.05.31"]
[SourceQuality "1"]
[WhiteTeam "The Sharks"]
[BlackTeam "West is Best"]
[WhiteTeamCountry "ENG"]
[BlackTeamCountry "ENG"]

1. e4 e6 2. d4 d5 3. Nd2 c5 4. exd5 Qxd5 5. Ngf3 cxd4 6. Bc4 Qd6 7. 0-0 Nf6 8. Nb3 Nc6 9. Nbxd4 Nxd4 10. Nxd4 Be7 11. c3 0-0 12. Qf3 Qc7 13. Bb3 Bd7 14. Bf4 Bd6 15. Bxd6 Qxd6 16. Qxb7 e5 17. Nc2 Rfb8 18. Qf3 a5 19. Rfd1 Qc7 20. Ne3 Bc6 21. Nd5 Bxd5 22. Bxd5 Ra6 23. b3 Rd6 24. Bc4 Rbd8 25. Rxd6 Qxd6 26. Qb7 Rd7 27. Qa8+ Rd8 28. Qxa5 Ne4 29. Qa7 Nxc3 30. Qxf7+ Kh8 31. Qh5 Qd4 32. Re1 Rf8 33. Qxe5 Qxf2+ 34. Kh1 Nxa2 35. Qa5 Qb2 36. Qc5 Qf6 37. h3 Qd8 38. Re7 Qb8 39. Qg5 1-0

[Event "BCF-chT1d 1819 (4NCL) Demotion pool"]
[Site "England"]
[Date "2019.03.17"]
[Round "8.88"]
[White "Redmond, John P"]
[Black "Walton, Alan J"]
[Result "1-0"]
[WhiteElo "2189"]
[BlackElo "2132"]
[PlyCount "77"]
[EventDate "2018.11.10"]
[EventType "team-tourn"]
[EventRounds "4"]
[EventCountry "ENG"]
[SourceTitle "CBM 189 Extra"]
[Source "ChessBase"]
[SourceDate "2019.06.03"]
[SourceVersion "1"]
[SourceVersionDate "2019.06.03"]
[SourceQuality "1"]
[WhiteTeam "West is Best"]
[BlackTeam "3CS Oldham"]
[WhiteTeamCountry "ENG"]
[BlackTeamCountry "ENG"]

1. Nf3 f5 2. d3 Nf6 3. e4 fxe4 4. dxe4 Nxe4 5. Bd3 Nf6 6. Ng5 c6 7. c3 Qc7 8. Qc2 d5 9. Bxh7 Rxh7 10. Nxh7 Qe5+ 11. Be3 Bf5 12. Nxf6+ gxf6 13. Qe2 Nd7 14. Qh5+ Kd8 15. Nd2 Qe6 16. Nb3 Bg4 17. Qh8 Qe4 18. 0-0 Qg6 19. f3 Be6 20. Nc5 Bg8 21. Qh4 Nxc5 22. Bxc5 b6 23. Be3 Kc7 24. a4 e5 25. a5 b5 26. Qf2 a6 27. Bc5 Bxc5 28. Qxc5 Be6 29. Rf2 Rg8 30. Rd1 Qf7 31. Qb6+ Kd6 32. b3 f5 33. f4 e4 34. c4 Qh5 35. Rfd2 Qf3 36. Rxd5+ Ke7 37. Qc7+ Kf6 38. Qe5+ Kf7 39. Rd7+ 1-0

[Event "BCF-chT1a 1819 (4NCL)"]
[Site "England"]
[Date "2019.03.16"]
[Round "7.38"]
[White "Norinkeviciute, Rasa"]
[Black "Redmond, John P"]
[Result "1/2-1/2"]
[WhiteElo "1998"]
[BlackElo "2189"]
[PlyCount "192"]
[EventDate "2018.11.10"]
[EventType "team-tourn"]
[EventRounds "7"]
[EventCountry "ENG"]
[SourceTitle "CBM 189 Extra"]
[Source "ChessBase"]
[SourceDate "2019.06.03"]
[SourceVersion "1"]
[SourceVersionDate "2019.06.03"]
[SourceQuality "1"]
[WhiteTeam "Wood Green"]
[BlackTeam "West is Best"]
[WhiteTeamCountry "ENG"]
[BlackTeamCountry "ENG"]

1. c4 c5 2. b3 e6 3. Nf3 Nf6 4. Bb2 Be7 5. Nc3 0-0 6. e3 b6 7. Be2 Bb7 8. Qc2 Nc6 9. a3 d5 10. d3 Rc8 11. Nb1 d4 12. e4 e5 13. h3 Ne8 14. g4 Nc7 15. Nbd2 a6 16. Nf1 b5 17. Bc1 Rb8 18. Bd2 Bc8 19. Ng3 Re8 20. Nf5 Bf8 21. 0-0 bxc4 22. bxc4 Bd7 23. Ne1 Ne6 24. Ng2 g6 25. Ng3 Bd6 26. Rfb1 Qc7 27. Kh2 Rxb1 28. Rxb1 Rb8 29. Bd1 Nf4 30. Bf3 Kg7 31. Ne2 f6 32. Kg3 Ne6 33. Nc1 Ne7 34. Rxb8 Qxb8 35. Bd1 Bc6 36. f3 g5 37. Ne2 h5 38. Be1 Ng6 39. gxh5 Ngf4 40. Nexf4 exf4+ 41. Kf2 Qe8 42. h4 Qxh5 43. Kf1 Bc7 44. Qf2 Nf8 45. Qg1 Ng6 46. hxg5 fxg5 47. Bd2 Kf7 48. Ne1 Bd7 49. Qf2 Ne5 50. Kg1 Ng6 51. Qh2 Nh4 52. Kf1 Qg6 53. Ng2 Nxg2 54. Qxg2 Qh5 55. Kg1 Kg7 56. Qe2 Qg6 57. Qg2 Qh6 58. Be1 Bd8 59. Bd2 Kf7 60. Be1 Kg6 61. Qb2 Kh7 62. Qb7 Qc6 63. Qb2 Bc7 64. Qh2+ Qh6 65. Qb2 Bc8 66. Qg2 Kg7 67. Qe2 Qh3 68. Qg2 Qh5 69. Qe2 Kf7 70. Qg2 Qh6 71. Qe2 Qb6 72. Qh2 Kg7 73. Qc2 Bd7 74. Kf1 Qh6 75. Kg1 Qb6 76. Kf1 Qf6 77. Qh2 Be5 78. Qh5 Bd6 79. Qh2 Qg6 80. Qe2 Qh5 81. Kg1 Qh3 82. Qg2 Kg6 83. Qe2 g4 84. fxg4 Kg5 85. e5 Be7 86. e6 Bc6 87. Qe5+ Kg6 88. Qf5+ Kg7 89. Qf7+ Kh8 90. Qh5+ Qxh5 91. gxh5 Kg7 92. Bd2 Bd6 93. Kf2 Kf6 94. Bf3 Be8 95. Bb7 Bxh5 96. Bxa6 Kxe6 1/2-1/2

[Event "BCF-chT1a 1819 (4NCL)"]
[Site "England"]
[Date "2018.11.11"]
[Round "2.3"]
[White "Redmond, John P"]
[Black "Cooke, Suzie G"]
[Result "1-0"]
[WhiteElo "2175"]
[BlackElo "1940"]
[PlyCount "91"]
[EventDate "2018.11.10"]
[EventType "team-tourn"]
[EventRounds "7"]
[EventCountry "ENG"]
[SourceTitle "CBM 187 Extra"]
[Source "ChessBase"]
[SourceDate "2018.11.04"]
[SourceVersion "1"]
[SourceVersionDate "2018.11.04"]
[SourceQuality "1"]
[WhiteTeam "West is Best"]
[BlackTeam "Alba"]
[WhiteTeamCountry "ENG"]
[BlackTeamCountry "ENG"]

1. Nf3 Nf6 2. c4 e6 3. Nc3 d5 4. e3 c6 5. b3 Bd6 6. Bb2 0-0 7. Qc2 Nbd7 8. Be2 e5 9. cxd5 Nxd5 10. Ne4 Bc7 11. Neg5 N5f6 12. Bc4 h6 13. h4 Qe7 14. Nxf7 Rxf7 15. Ng5 hxg5 16. hxg5 Nf8 17. g6 Nxg6 18. Qxg6 Be6 19. 0-0-0 Bxc4 20. bxc4 Rff8 21. Rh4 Qf7 22. Qc2 Rfd8 23. Rdh1 Kf8 24. g4 Ke7 25. g5 Nd7 26. f4 Rf8 27. Rh7 Bd6 28. Rxg7 Qxg7 29. Rh7 Qxh7 30. Qxh7+ Rf7 31. Qh4 Rg7 32. g6+ Kf8 33. c5 Be7 34. Qh8+ Rg8 35. g7+ Kf7 36. Qh5+ Kxg7 37. fxe5 Nxc5 38. e6+ Bf6 39. Qf7+ Kh6 40. Qxf6+ Kh5 41. Qf7+ Kh6 42. Qf4+ Kh5 43. Qf5+ Rg5 44. Qf7+ Kh6 45. Kc2 b6 46. Be5 1-0

[Event "BCF-chT2b 1718 (4NCL)"]
[Site "England"]
[Date "2018.02.11"]
[Round "6.81"]
[White "Redmond, John P"]
[Black "Polaczek, Richard"]
[Result "0-1"]
[WhiteElo "2189"]
[BlackElo "2392"]
[PlyCount "144"]
[EventDate "2017.11.11"]
[EventType "team-tourn"]
[EventRounds "7"]
[EventCountry "ENG"]
[SourceTitle "EXT 2020"]
[Source "ChessBase"]
[SourceDate "2019.10.17"]
[SourceVersion "1"]
[SourceVersionDate "2019.10.17"]
[SourceQuality "1"]
[WhiteTeam "West is Best II"]
[BlackTeam "Manchester Manticores"]
[WhiteTeamCountry "WLS"]
[BlackTeamCountry "ENG"]

1. d4 Nf6 2. Bg5 d5 3. e3 c5 4. c3 Qb6 5. Qb3 Nc6 6. Qxb6 axb6 7. Na3 Na7 8. Nb5 Nxb5 9. Bxb5+ Bd7 10. Bxd7+ Nxd7 11. Nf3 e6 12. Bf4 Be7 13. 0-0 0-0 14. Ne5 Nf6 15. Bg5 Rfc8 16. a3 Rc7 17. h3 Bd6 18. Bxf6 gxf6 19. Nf3 f5 20. Rad1 Ra4 21. g3 f6 22. Rfe1 Rg7 23. Kf1 Kf7 24. Ke2 Ke7 25. Rg1 h5 26. Nh4 Ra8 27. Ng2 Rag8 28. h4 Kd7 29. Nf4 Bxf4 30. exf4 Rc8 31. Kd3 Kd6 32. Rge1 cxd4 33. cxd4 Rgc7 34. Re2 b5 35. Rde1 Re8 36. Rc2 Rxc2 37. Kxc2 Rc8+ 38. Kd3 Rc6 39. Re2 Rc4 40. Rc2 e5 41. fxe5+ fxe5 42. dxe5+ Kxe5 43. Re2+ Re4 44. Rc2 Rd4+ 45. Ke3 Rc4 46. Rd2 b4 47. Rd3 bxa3 48. bxa3 Re4+ 49. Kf3 Ra4 50. Rb3 b5 51. Ke3 f4+ 52. gxf4+ Rxf4 53. Rxb5 Re4+ 54. Kd2 Rxh4 55. Rb3 Ra4 56. Rh3 h4 57. Kc2 Rf4 58. Kb3 Ke4 59. Re3+ Kd4 60. Rh3 Ke5 61. Re3+ Kf5 62. Rd3 Kg4 63. Rxd5 h3 64. Rd1 h2 65. a4 Kf3 66. a5 Kg2 67. a6 Rf6 68. Kc4 Rxa6 69. f4 Ra4+ 70. Kd3 h1Q 71. Rxh1 Kxh1 72. Ke3 Kg2 0-1

[Event "BCF-chT2b 1718 (4NCL)"]
[Site "England"]
[Date "2018.01.14"]
[Round "4.71"]
[White "Redmond, John P"]
[Black "Clark, Kevin R"]
[Result "1-0"]
[WhiteElo "2170"]
[BlackElo "2139"]
[PlyCount "81"]
[EventDate "2017.11.11"]
[EventType "team-tourn"]
[EventRounds "7"]
[EventCountry "ENG"]
[SourceTitle "EXT 2020"]
[Source "ChessBase"]
[SourceDate "2019.10.17"]
[SourceVersion "1"]
[SourceVersionDate "2019.10.17"]
[SourceQuality "1"]
[WhiteTeam "West is Best II"]
[BlackTeam "Poisoned Pawns"]
[WhiteTeamCountry "WLS"]
[BlackTeamCountry "ENG"]

1. d4 Nf6 2. Bg5 d5 3. e3 c6 4. Bd3 Qb6 5. Qc1 Nbd7 6. Nf3 e6 7. 0-0 c5 8. c3 Bd6 9. Nbd2 0-0 10. Qc2 h6 11. Bh4 cxd4 12. exd4 Qc7 13. Rfe1 b6 14. Rad1 a5 15. Qc1 Re8 16. Bb1 Nh7 17. Nf1 Nhf8 18. Ne3 Bb7 19. Bg3 f5 20. Bxd6 Qxd6 21. Bd3 Rac8 22. Qd2 Nh7 23. Nc2 Nhf6 24. Na3 Ne4 25. Qc1 Bc6 26. Nb5 Bxb5 27. Bxb5 Re7 28. Bxd7 Qxd7 29. Ne5 Qb5 30. f3 Nd6 31. Ng6 Ree8 32. Nf4 Kf7 33. Rd2 g5 34. Nd3 Nc4 35. Rde2 Rc7 36. Qb1 Kf6 37. Ne5 Nxe5 38. Rxe5 a4 39. a3 Ree7 40. g4 f4 41. Rxe6+ 1-0

[Event "BCF-chT2b 1718 (4NCL)"]
[Site "England"]
[Date "2018.01.13"]
[Round "3.61"]
[White "Player, Edmund C"]
[Black "Redmond, John P"]
[Result "0-1"]
[WhiteElo "2230"]
[BlackElo "2170"]
[PlyCount "72"]
[EventDate "2017.11.11"]
[EventType "team-tourn"]
[EventRounds "7"]
[EventCountry "ENG"]
[SourceTitle "EXT 2020"]
[Source "ChessBase"]
[SourceDate "2019.10.17"]
[SourceVersion "1"]
[SourceVersionDate "2019.10.17"]
[SourceQuality "1"]
[WhiteTeam "Anglian Avengers"]
[BlackTeam "West is Best II"]
[WhiteTeamCountry "ENG"]
[BlackTeamCountry "WLS"]

1. e4 e6 2. Qe2 c5 3. g3 Nc6 4. Bg2 g6 5. c3 Bg7 6. f4 Nge7 7. Nf3 d6 8. 0-0 0-0 9. Na3 e5 10. d3 h6 11. Be3 exf4 12. Bxf4 Be6 13. Nc2 d5 14. Be3 d4 15. cxd4 cxd4 16. Bf2 Qd7 17. Qd2 g5 18. b4 a6 19. Rfc1 Ng6 20. a4 g4 21. b5 axb5 22. axb5 Rxa1 23. Rxa1 gxf3 24. bxc6 bxc6 25. Bxf3 Ne5 26. Be2 c5 27. Ne1 c4 28. dxc4 Bxc4 29. Rd1 d3 30. Bf1 Rd8 31. Rb1 Ng4 32. Bb6 Bd4+ 33. Kh1 Nf2+ 34. Kg2 Qh3+ 35. Kg1 Nxe4+ 36. Bxd4 Qxf1+ 0-1

[Event "BCF-chT1a 1617 (4NCL)"]
[Site "England"]
[Date "2017.01.15"]
[Round "4.43"]
[White "Redmond, John P"]
[Black "McMichael, Richard"]
[Result "1/2-1/2"]
[WhiteElo "2197"]
[BlackElo "2226"]
[PlyCount "59"]
[EventDate "2016.11.19"]
[EventType "team-tourn"]
[EventRounds "7"]
[EventCountry "ENG"]
[SourceTitle "EXT 2018"]
[Source "ChessBase"]
[SourceDate "2017.10.13"]
[SourceVersion "1"]
[SourceVersionDate "2017.10.13"]
[SourceQuality "1"]
[WhiteTeam "South Wales Dragons"]
[BlackTeam "Kings Head"]
[WhiteTeamCountry "ENG"]
[BlackTeamCountry "ENG"]

1. Nf3 d5 2. d4 e6 3. c4 c6 4. Nc3 f5 5. Bf4 Nf6 6. e3 Be7 7. Qc2 0-0 8. Bd3 a6 9. h3 Bd7 10. g4 dxc4 11. Bxc4 Nd5 12. Ne5 Be8 13. 0-0-0 b5 14. Nxd5 cxd5 15. Bd3 Bg6 16. Kb1 Bd6 17. Nxg6 hxg6 18. Bxd6 Qxd6 19. Rc1 Nd7 20. Qc7 Qxc7 21. Rxc7 Rf7 22. Rhc1 Nf6 23. Rxf7 Kxf7 24. Rc7+ Kf8 25. g5 Ne8 26. Rd7 Rc8 27. a4 bxa4 28. Ra7 a3 29. Rxa6 axb2 30. Kxb2 1/2-1/2

[Event "BCF-chT1d 1516 (4NCL) Demotion pool"]
[Site "England"]
[Date "2016.05.02"]
[Round "11.156"]
[White "Redmond, John P"]
[Black "Congiu, Mathilde"]
[Result "1/2-1/2"]
[WhiteElo "2203"]
[BlackElo "2274"]
[PlyCount "98"]
[EventDate "2015.11.14"]
[EventType "team-tourn"]
[EventRounds "4"]
[EventCountry "ENG"]
[SourceTitle "EXT 2017"]
[Source "ChessBase"]
[SourceDate "2016.10.25"]
[SourceVersion "1"]
[SourceVersionDate "2016.10.25"]
[SourceQuality "1"]
[WhiteTeam "South Wales Dragons"]
[BlackTeam "3CS Oldham"]
[WhiteTeamCountry "ENG"]
[BlackTeamCountry "ENG"]

1. d4 Nf6 2. Bg5 c5 3. Nc3 cxd4 4. Qxd4 Nc6 5. Qh4 Qa5 6. 0-0-0 d6 7. e4 Be6 8. a3 h6 9. Bxf6 gxf6 10. f4 f5 11. Bd3 Rg8 12. Nge2 0-0-0 13. Qf2 Bg7 14. exf5 Bxf5 15. Bxf5+ Qxf5 16. Rd5 Qg6 17. g3 Kb8 18. Rhd1 Rc8 19. Kb1 Rgd8 20. f5 Qg4 21. Rb5 Be5 22. Nd5 Rd7 23. h3 Qxh3 24. Qf3 h5 25. Ne3 a6 26. Rb3 Bf6 27. Nf4 Qh2 28. Rh1 Qd2 29. Nc4 Qd4 30. Nb6 Rdc7 31. Nxc8 Rxc8 32. Rd1 Qa7 33. Ne2 Na5 34. Rb4 Nc4 35. Qe4 b5 36. Nd4 Qc5 37. Nb3 Qe5 38. Qxe5 Bxe5 39. Nd4 Ne3 40. Rd3 Bxd4 41. Rbxd4 Nxf5 42. Rf4 e6 43. a4 Rc5 44. axb5 axb5 45. Kc1 Kb7 46. Kd2 Kb6 47. Rf1 d5 48. Rxf5 exf5 49. Rd4 Rc6 1/2-1/2

[Event "BCF-chT1d 1516 (4NCL) Demotion pool"]
[Site "England"]
[Date "2016.03.20"]
[Round "8.186"]
[White "Gayson, Peter"]
[Black "Redmond, John P"]
[Result "1/2-1/2"]
[WhiteElo "2143"]
[BlackElo "2203"]
[PlyCount "42"]
[EventDate "2015.11.14"]
[EventType "team-tourn"]
[EventRounds "4"]
[EventCountry "ENG"]
[SourceTitle "CBM 171 Extra"]
[Source "ChessBase"]
[SourceDate "2016.04.26"]
[SourceVersion "1"]
[SourceVersionDate "2016.04.26"]
[SourceQuality "1"]
[WhiteTeam "White Rose II"]
[BlackTeam "South Wales Dragons"]
[WhiteTeamCountry "ENG"]
[BlackTeamCountry "ENG"]

1. e4 e6 2. d4 d5 3. Nd2 Nc6 4. Bb5 dxe4 5. Nxe4 Qd5 6. Bxc6+ Qxc6 7. f3 b6 8. Ne2 Bb7 9. 0-0 Nf6 10. N2g3 Be7 11. Qe2 0-0 12. Re1 Rfe8 13. c3 Rad8 14. Bf4 Nd5 15. Bd2 Qa4 16. b3 Qa6 17. c4 Nb4 18. Bc3 Nc6 19. Rad1 Bb4 20. Qb2 Bxc3 21. Qxc3 Qa5 1/2-1/2

[Event "BCF-chT1d 1415 (4NCL) Demotion pool"]
[Site "England"]
[Date "2015.05.02"]
[Round "9.165"]
[White "Redmond, John P"]
[Black "Reid, John1111"]
[Result "1-0"]
[WhiteElo "2212"]
[BlackElo "2327"]
[PlyCount "89"]
[EventDate "2014.11.15"]
[EventType "team-tourn"]
[EventRounds "4"]
[EventCountry "ENG"]
[SourceTitle "EXT 2023"]
[Source "ChessBase"]
[SourceDate "2022.10.05"]
[SourceVersion "1"]
[SourceVersionDate "2022.10.05"]
[SourceQuality "1"]
[WhiteTeam "South Wales Dragons"]
[BlackTeam "Hackney"]
[WhiteTeamCountry "ENG"]
[BlackTeamCountry "ENG"]

1. d4 Nf6 2. c4 g6 3. Nc3 Bg7 4. e4 0-0 5. Be2 d6 6. Nf3 e5 7. 0-0 Nc6 8. dxe5 dxe5 9. Bg5 Qxd1 10. Rfxd1 Bg4 11. Kf1 Bxf3 12. Bxf3 Nd4 13. Nd5 Nxd5 14. cxd5 f5 15. Rac1 Rf7 16. Be3 fxe4 17. Bxe4 Nf5 18. Bc5 Nd6 19. Bxd6 cxd6 20. Rc2 Raf8 21. f3 Bf6 22. Ke2 Kg7 23. Rd3 h5 24. Ra3 a6 25. Rb3 Bd8 26. Rc8 Rd7 27. Rb8 Rff7 28. Rc3 Kf6 29. Rcc8 Rf8 30. a4 Rg8 31. a5 Ke7 32. Bc2 Rf8 33. Bxg6 h4 34. g4 Rc7 35. Rxc7+ Bxc7 36. Rxb7 Kd8 37. Ra7 Rf4 38. Be4 Bxa5 39. Rxa6 Bc7 40. Ra8+ Ke7 41. Rh8 Ba5 42. Rxh4 Rf8 43. Rh7+ Kf6 44. h4 Rb8 45. g5# 1-0

[Event "BCF-chT1a 1415 (4NCL)"]
[Site "England"]
[Date "2015.02.15"]
[Round "6.144"]
[White "Mason, Donald"]
[Black "Redmond, John P"]
[Result "1/2-1/2"]
[WhiteElo "2138"]
[BlackElo "2249"]
[PlyCount "63"]
[EventDate "2014.11.15"]
[EventType "team-swiss"]
[EventRounds "11"]
[EventCountry "ENG"]
[SourceTitle "EXT 2016"]
[Source "ChessBase"]
[SourceDate "2015.10.08"]
[SourceVersion "1"]
[SourceVersionDate "2015.10.08"]
[SourceQuality "1"]
[WhiteTeam "Warwicks Select"]
[BlackTeam "South Wales Dragons"]
[WhiteTeamCountry "ENG"]
[BlackTeamCountry "ENG"]

1. d4 e6 2. e4 d5 3. Nd2 Be7 4. Ngf3 Nf6 5. Bd3 c5 6. e5 Nfd7 7. c3 b6 8. 0-0 Ba6 9. Bxa6 Nxa6 10. Ne1 Nc7 11. f4 f5 12. exf6 Nxf6 13. Nef3 0-0 14. Qe2 Bd6 15. Ne5 Qe8 16. a4 c4 17. g4 Bxe5 18. fxe5 Nd7 19. Rxf8+ Qxf8 20. Nf3 Qf7 21. Ng5 Qe7 22. h4 h6 23. Nf3 Rf8 24. h5 Rf7 25. g5 hxg5 26. Bxg5 Qe8 27. Nh4 Nf8 28. Qg4 Na6 29. Kh1 Nh7 30. Be3 Qd7 31. Rg1 Nc7 32. Ra1 1/2-1/2

[Event "BCF-chT1a 1415 (4NCL)"]
[Site "England"]
[Date "2015.02.14"]
[Round "5.134"]
[White "Redmond, John P"]
[Black "Zhou, Yang Fan"]
[Result "0-1"]
[WhiteElo "2249"]
[BlackElo "2461"]
[PlyCount "94"]
[EventDate "2014.11.15"]
[EventType "team-swiss"]
[EventRounds "11"]
[EventCountry "ENG"]
[SourceTitle "EXT 2016"]
[Source "ChessBase"]
[SourceDate "2015.10.08"]
[SourceVersion "1"]
[SourceVersionDate "2015.10.08"]
[SourceQuality "1"]
[WhiteTeam "South Wales Dragons"]
[BlackTeam "Guildford II"]
[WhiteTeamCountry "ENG"]
[BlackTeamCountry "ENG"]

1. Nf3 g6 2. c4 Bg7 3. d4 d6 4. Nc3 Nd7 5. e4 e5 6. Be2 Ngf6 7. 0-0 0-0 8. Re1 c6 9. Rb1 exd4 10. Nxd4 Re8 11. Bf1 Ng4 12. h3 Qb6 13. hxg4 Qxd4 14. Be3 Qxd1 15. Rbxd1 Be5 16. f3 Nc5 17. g5 Be6 18. Rd2 a5 19. Nd1 a4 20. a3 Nb3 21. Rc2 Bd7 22. Nf2 c5 23. Nd3 Bc6 24. Nxe5 dxe5 25. Rc3 Red8 26. Rd3 Nd4 27. Rd2 Rab8 28. Red1 Rdc8 29. Bxd4 cxd4 30. Rc1 Bd7 31. Rdc2 Rc5 32. Bd3 Kg7 33. Kf2 f6 34. gxf6+ Kxf6 35. Rh1 h5 36. g3 Rbc8 37. Rhc1 g5 38. Kg2 h4 39. Kh2 R8c6 40. Kg2 Rb6 41. Rd2 Rb3 42. Rf1 b5 43. cxb5 Rxd3 44. Rxd3 Bxb5 45. Rfd1 Bxd3 46. Rxd3 Rc2+ 47. Kh3 Rxb2 0-1

[Event "BCF-chT1a 1415 (4NCL)"]
[Site "England"]
[Date "2015.01.11"]
[Round "4.144"]
[White "Redmond, John P"]
[Black "Snape, Ian L"]
[Result "1-0"]
[WhiteElo "2249"]
[BlackElo "2161"]
[PlyCount "109"]
[EventDate "2014.11.15"]
[EventType "team-swiss"]
[EventRounds "11"]
[EventCountry "ENG"]
[SourceTitle "EXT 2016"]
[Source "ChessBase"]
[SourceDate "2015.10.08"]
[SourceVersion "1"]
[SourceVersionDate "2015.10.08"]
[SourceQuality "1"]
[WhiteTeam "South Wales Dragons"]
[BlackTeam "The ADS"]
[WhiteTeamCountry "ENG"]
[BlackTeamCountry "ENG"]

1. Nf3 Nf6 2. c4 g6 3. Nc3 Bg7 4. e4 d6 5. d4 0-0 6. Be2 e5 7. 0-0 Nc6 8. dxe5 dxe5 9. Bg5 Qxd1 10. Rfxd1 Bg4 11. Kf1 Bxf3 12. Bxf3 Nd4 13. Nd5 Nxd5 14. cxd5 h6 15. Be3 Nxf3 16. gxf3 f5 17. Rac1 f4 18. Bd2 Rf7 19. Ba5 b6 20. Bb4 Rd8 21. Rc6 g5 22. Rdc1 Rdd7 23. a4 a5 24. Ba3 Kh7 25. b3 Kg8 26. Re6 Kh7 27. Rcc6 Kg8 28. Ke2 Kh7 29. Re8 h5 30. Bb2 Rde7 31. Re6 Rxe8 32. Rxe8 g4 33. Bxe5 Bxe5 34. Rxe5 Kh6 35. Re8 Kg7 36. Re6 Kh7 37. Rc6 Rg7 38. fxg4 hxg4 39. Rf6 g3 40. hxg3 fxg3 41. fxg3 Rxg3 42. Rf3 Rg2+ 43. Kd3 Kg6 44. Kd4 Rd2+ 45. Ke5 Rc2 46. Ke6 Kg7 47. e5 Rc1 48. Ke7 Kg6 49. Rf6+ Kg5 50. Rf3 Re1 51. Ke6 Rc1 52. d6 cxd6 53. exd6 Re1+ 54. Kd5 Kg4 55. Rd3 1-0

[Event "BCF-chT1a 1415 (4NCL)"]
[Site "England"]
[Date "2014.11.16"]
[Round "2.143"]
[White "Ledger, Andrew"]
[Black "Redmond, John P"]
[Result "1-0"]
[WhiteElo "2391"]
[BlackElo "2261"]
[PlyCount "101"]
[EventDate "2014.11.15"]
[EventType "team-swiss"]
[EventRounds "11"]
[EventCountry "ENG"]
[SourceTitle "EXT 2015"]
[Source "ChessBase"]
[SourceDate "2014.11.20"]
[SourceVersion "1"]
[SourceVersionDate "2014.11.20"]
[SourceQuality "1"]
[WhiteTeam "Blackthorne Russia"]
[BlackTeam "South Wales Dragons"]
[WhiteTeamCountry "ENG"]
[BlackTeamCountry "ENG"]

1. d4 e6 2. Nf3 Nf6 3. c4 d5 4. Nc3 dxc4 5. e3 a6 6. Bxc4 b5 7. Bd3 Bb7 8. 0-0 Nbd7 9. e4 c5 10. d5 c4 11. Bc2 Qb6 12. dxe6 fxe6 13. Be3 Bc5 14. Bxc5 Nxc5 15. e5 Nd5 16. Nxd5 Bxd5 17. Ng5 0-0-0 18. Qg4 Rd7 19. Rad1 Rhd8 20. Bxh7 Qc6 21. Bc2 Kb8 22. h4 Qc7 23. Rfe1 Qa5 24. a3 Nd3 25. Bxd3 cxd3 26. Nxe6 d2 27. Re3 Bxe6 28. Qxe6 Rc7 29. Rc3 Rxc3 30. bxc3 Qxc3 31. Qb6+ Kc8 32. Qxa6+ Kc7 33. Qxb5 Qc2 34. Qe2 Rd3 35. e6 Kd8 36. a4 Ke7 37. a5 Rd6 38. a6 Rxe6 39. Qxd2 Qxd2 40. Rxd2 Rxa6 41. g3 Rb6 42. Kg2 Ra6 43. g4 Rb6 44. Rd5 Kf7 45. Kg3 Rb4 46. f3 Ra4 47. Rf5+ Kg6 48. h5+ Kh7 49. g5 Rb4 50. Rf8 Rb1 51. Kg4 1-0

[Event "Dublin Masters"]
[Site "Dublin"]
[Date "2014.09.14"]
[Round "5"]
[White "Delaney, Killian"]
[Black "Redmond, John P"]
[Result "0-1"]
[WhiteElo "2114"]
[BlackElo "2255"]
[PlyCount "42"]
[EventDate "2014.09.12"]
[EventType "swiss"]
[EventRounds "5"]
[EventCountry "IRL"]
[SourceTitle "EXT 2023"]
[Source "ChessBase"]
[SourceDate "2022.10.05"]
[SourceVersion "1"]
[SourceVersionDate "2022.10.05"]
[SourceQuality "1"]

1. e4 e6 2. d4 d5 3. e5 c5 4. c3 Nc6 5. Nf3 Bd7 6. Bd3 Rc8 7. dxc5 Bxc5 8. 0-0 Nge7 9. b4 Bb6 10. b5 Na5 11. a4 Ng6 12. Re1 Nc4 13. Nbd2 Nxd2 14. Bxd2 0-0 15. h4 f6 16. Ra2 Nxe5 17. Rxe5 fxe5 18. Bxh7+ Kxh7 19. Ng5+ Kg8 20. Qh5 Rxf2 21. Kh1 Qf6 0-1

[Event "Dublin Masters"]
[Site "Dublin"]
[Date "2014.09.13"]
[Round "3"]
[White "O'Donnell, Conor"]
[Black "Redmond, John P"]
[Result "1/2-1/2"]
[WhiteElo "2209"]
[BlackElo "2255"]
[PlyCount "31"]
[EventDate "2014.09.12"]
[EventType "swiss"]
[EventRounds "5"]
[EventCountry "IRL"]
[SourceTitle "EXT 2023"]
[Source "ChessBase"]
[SourceDate "2022.10.05"]
[SourceVersion "1"]
[SourceVersionDate "2022.10.05"]
[SourceQuality "1"]

1. e4 e6 2. d4 d5 3. Nc3 Bb4 4. exd5 exd5 5. Bd3 Nc6 6. a3 Bxc3+ 7. bxc3 Be6 8. Rb1 b6 9. Qf3 Qd7 10. Ne2 Nge7 11. 0-0 0-0 12. Nf4 Bf5 13. Re1 Rfe8 14. Bd2 Bxd3 15. cxd3 Rad8 16. Nh5 1/2-1/2